Т. 1: Россия под властью царей; Подпольная Россия; Сочинения

Detaylı Bibliyografya
Parent link:Сочинения: в 2 т./ С. М. Степняк-Кравчинский. Т. 1.— , 1987
Dil:Rusça
Baskı/Yayın Bilgisi:
Konular:
Materyal Türü: MixedMaterials Kitap
KOHA link:https://koha.lib.tpu.ru/cgi-bin/koha/opac-detail.pl?biblionumber=120458

MARC

LEADER 00000nam0a2200000 4500
001 120458
005 20231101215618.0
035 |a (RuTPU)RU\TPU\book\130434 
090 |a 120458 
100 |a 20070829d1987 m y0rusy50 ca 
101 0 |a rus 
102 |a RU 
105 |a c z 001ab 
200 0 |a Т. 1: Россия под властью царей  |a Подпольная Россия 
215 |a 575 с.  |c портр. 
320 |a Комментарии: с. 519-572. 
461 |t Сочинения  |o в 2 т.  |f С. М. Степняк-Кравчинский  |v Т. 1  |d 1987 
600 1 |a Степняк-Кравчинский  |b С. М.  |c настоящая фамилия Кравчинский  |c русский писатель  |f 1851-1895  |g Сергей Михайлович  |c народник  |2 stltpush  |3 (RuTPU)RU\TPU\pers\15832 
606 1 |a Русская литература, дореволюционная  |2 stltpush  |3 (RuTPU)RU\TPU\subj\26371  |9 50314 
610 1 |a художественная литература 
610 1 |a проза 
610 1 |a очерки 
610 1 |a Россия 
610 1 |a освободительное движение 
610 1 |a история 
610 1 |a революционеры 
610 1 |a ссылка 
610 1 |a самодержавие 
675 |a Р1  |v 3 
801 1 |a RU  |b 63413507  |c 20070829  |g PSBO 
801 2 |a RU  |b 63413507  |c 20221006  |g PSBO 
942 |c BK